| 000 | 00364nam a22001697a 4500 | ||
|---|---|---|---|
| 005 | 20160530142420.0 | ||
| 008 | 160530b xxu||||| |||| 00| 0 eng d | ||
| 020 | _a81-7554-200-4 | ||
| 041 | _aeng | ||
| 082 | _b6080 | ||
| 100 |
_aRandall, Geoffery _91539 |
||
| 245 | _aBranding | ||
| 260 | _bKogan | ||
| 300 | _a174 | ||
| 650 |
_aManagement _9241 |
||
| 942 | _cBK | ||
| 999 |
_c2173 _d2172 |
||